000 00445cam a2200181ua 4500
020 _cRs 3.00
041 _amal
_h
082 _a630.01
_bACH/KI
100 _aAchutha Menon, C .
245 _aKisan Patapusthakam /
_cC Achutha Menon.
_hTextual Documents
250 _aRev /
_b.
260 _aThrissur :
_bBooks International ,
_c1960.
300 _a260 ; .
365 _aRs 3.00
504 _a
942 _cBK
999 _c425
_d425